000 00615nam a22001937a 4500
005 20251108173524.0
008 250721s2007 xx 000 0 ara d
082 1 4 _a414/عبا
100 1 _aعباس، فضل حسن
245 1 0 _aالبلاغة فنونها و أفنانها : علم البيان و البديع /
250 _aط.11
264 1 _aالعبدلي :
_bدار الفرقان للنشر والتوزيع،
_c2007.
300 _a429 ص.
490 0 _aسلسلة بلاغتنا و لغتنا
_v2
650 1 7 _aالبلاغة
653 _aالجناس
942 _2ddc
_cBK
999 _c105927
_d105927